000 00571nam a2200193Ia 4500
005 20250326141111.0
008 250326s9999 xx 000 0 und d
020 _a0-8039-5203-1
037 _aTextbook
040 _aFMSL
_beng
_cFMSL
041 _aeng
_2eng
084 _aX:89ZB N5
_qFMSL
100 _aHanson P G
_9743704
245 0 _aAnswers to questions most frequently asked about organization development
_cHanson P G; Lubin B
260 _aLondon
_bLondon, Sage
_c1995
300 _a199p
942 _cTB
_hX:89ZB N5
999 _c1288705
_d1288705